The cod's tale / (Record no. 5510)

MARC details
000 -LEADER
fixed length control field 00903nam a22002897a 4500
001 - CONTROL NUMBER
control field 5510
003 - CONTROL NUMBER IDENTIFIER
control field FISKH
005 - DATE AND TIME OF LATEST TRANSACTION
control field 20241213145009.0
008 - FIXED-LENGTH DATA ELEMENTS--GENERAL INFORMATION
fixed length control field 241213b cb ||||| |||| 00| 0 eng d
020 ## - INTERNATIONAL STANDARD BOOK NUMBER
International Standard Book Number 9780545627498
040 ## - CATALOGING SOURCE
Original cataloging agency FISKH
Language of cataloging eng
Transcribing agency FISKH
Modifying agency FISKH
050 ## - LIBRARY OF CONGRESS CALL NUMBER
Classification number SH351.C5
082 ## - DEWEY DECIMAL CLASSIFICATION NUMBER
Classification number 639.2
100 ## - MAIN ENTRY--PERSONAL NAME
Personal name Kurlansky, Mark
245 ## - TITLE STATEMENT
Title The cod's tale /
Statement of responsibility, etc. by Mark Kurlansky : illustrated by S.D . Schindler
260 ## - PUBLICATION, DISTRIBUTION, ETC.
Place of publication, distribution, etc. New York :
Name of publisher, distributor, etc. Scholastic ;
Date of publication, distribution, etc. 2001.
300 ## - PHYSICAL DESCRIPTION
Extent 43 pages :
Other physical details color illustrations , maps ;
Dimensions 24 cm .
505 ## - FORMATTED CONTENTS NOTE
Formatted contents note Z <br/>
520 ## - SUMMARY, ETC.
Summary, etc. Describes the Atlantic cod fish and how it has been fished throughout history to near extinction.
521 8# - TARGET AUDIENCE NOTE
Target audience note 1050 <br/>
Source Lexile <br/>
521 8# - TARGET AUDIENCE NOTE
Target audience note Z <br/>
Source Raz-Plus <br/><br/>
650 ## - SUBJECT ADDED ENTRY--TOPICAL TERM
Topical term or geographic name entry element fishing
Form subdivision Non-fiction
650 ## - SUBJECT ADDED ENTRY--TOPICAL TERM
Topical term or geographic name entry element food history
Form subdivision Non-fiction
700 ## - ADDED ENTRY--PERSONAL NAME
Personal name Schindler, S.D.
Relator term illustrator
942 ## - ADDED ENTRY ELEMENTS (KOHA)
Source of classification or shelving scheme Dewey Decimal Classification
Koha item type Books
Suppress in OPAC No
Holdings
Withdrawn status Lost status Source of classification or shelving scheme Damaged status Not for loan Collection Home library Current library Shelving location Date acquired Total Checkouts Full call number Barcode Date last seen Copy number Price effective from Koha item type
    Dewey Decimal Classification     Non-Fiction Footprints International School Library Network Toul Kork Campus Footprints International School Library Network Toul Kork Campus A TK Campus, 4th Floor, Room B401, Non-Fiction Bookcases(7-8) 01/27/2025   KUR 639.2 SH351.C5 FISTK04982 01/27/2025 2 01/27/2025 Books
    Dewey Decimal Classification     Non-Fiction Footprints International School Library Network Toul Kork Campus Footprints International School Library Network Toul Kork Campus A TK Campus, 4th Floor, Room B401, Non-Fiction Bookcases(7-8) 04/22/2025   KUR 639.2 SH351.C5 FISTK05602 04/22/2025 3 04/22/2025 Books
    Dewey Decimal Classification     Non-Fiction Footprints International School Library Network Toul Tom Poung Campus Footprints International School Library Network Toul Tom Poung Campus TTP Secondary Non-Fiction Bookshelves 12/13/2024   KUR 639.2 SH351.C5 FISSE01182 12/13/2024 1 12/13/2024 Books